The work of work : servitude, slavery and labor in Medieval England

Αποθηκεύτηκε σε:
Λεπτομέρειες βιβλιογραφικής εγγραφής
Άλλοι συγγραφείς: Frantzen, Allen J. 1947- (Επιμελητής έκδοσης), Moffat, Douglas (Επιμελητής έκδοσης)
Μορφή: Βιβλίο
Γλώσσα:English
Δημοσίευση: Glasgow : Cruithne Press, 1994
Θέματα:
Ετικέτες: Προσθήκη ετικέτας
Δεν υπάρχουν, Καταχωρήστε ετικέτα πρώτοι!

MARC

LEADER 00000nam a2200000 i 4500
001 1/89890
008 990915s1994 eng d
020 |a 1-873448-03-1 
035 |l 10052908 
040 |a GR-MY-UA  |b gre  |e aacr 
041 0 |a eng 
082 0 |a 303.3609420902 
245 1 4 |a The work of work :  |b servitude, slavery and labor in Medieval England /  |c Edited by Allen J. Frantzen and Douglas Moffat 
260 |a Glasgow :   |b Cruithne Press,   |c 1994 
300 |a 232 p. 
504 |a Includes bibliographical references and index 
650 0 0 |a Slavery  |z England  |x History. 
650 0 0 |a Serfdom  |z England  |x History. 
650 0 0 |a Labor  |z England  |x History. 
650 0 0 |a Middle Ages. 
700 1 |a Frantzen, Allen J.  |d 1947-  |4 edt 
700 1 |a Moffat, Douglas.  |4 edt 
852 |a INST  |b LESVOS  |e 19990915  |h 303.3609420902 WOR  |p 005100019571  |q 005100019571  |t BK  |y 0 
901 |a BIBL1-1999-3 
909 |a Λ  |b 066452 
922 |a 1ΕΛΗ  |b 199906  |c ΚΠΣ/ΤΚ  |d ΠΑΠΑΣΩΤΗΡΙΟΥ 
950 |a 103-1998-07-27 
970 |z 1999/09/15  |a ΜΟΥΣΤΑΚΑ  |b ΠΗΝΕΛΟΠΗ